Kings and Queens - Sudden Death - Statistics

General Stats
  • This quiz has been taken 73 times
  • The average score is 5 of 15
Answers on the Grid
Answers color-coded by a green-red scale on the quiz's grid according to % correct below.
King Henry VII
Queen Mary III
King Aerys II
Queen Candy
King Philip VII
Queen Hatshepsut
King Washington
King Louis XVIII
King Alfonso XIII
King Oscar II
King Burger
King Louis XX
King Benedict
King George VIII
King Pershing II
King Napoleon
Queen Wilhelmina
Queen Victoria II
King Louis XIX
King Henry VIV
Queen Diana
King Napoleon II
Queen Latifah
King Bach
King Charles IV
King Charlemagne
Queen Anne
King Leontes
King Xerxes
King William IV
King Von
Queen Penelope
 
Answer Stats
Answer % Correct
King Henry VII
74%
Queen Anne
43%
King William IV
38%
Queen Hatshepsut
38%
King Charles IV
36%
King Louis XVIII
36%
Queen Wilhelmina
33%
King Alfonso XIII
31%
King Charlemagne
31%
King George VIII
21%
King Philip VII
21%
King Xerxes
21%
King Louis XIX
10%
King Napoleon
10%
King Oscar II
10%
No matching quizzes found
Score Distribution
Percent of People with Each Score
Percentile by Number Answered
Your Score History
You have not taken this quiz